000 00651nam a2200193 a 4500
001 000023122
005 20200930022013.0
008 101126nuuuuuuuusp ad r 000 0 spa d
040 _aDO-SdBNP
_bspa
_cBNPHU
082 _axxxxx
_bA664m
100 1 _aArbellot, L.
_947604
245 1 0 _aManual práctico de recubrimientos electrónicos /
_cl. Arbellot ; traducción Federico H. de Góncer.
260 _aBarcelona :
_bHispano Europea,
_c[s. f.].
300 _a147 p. ;.
500 _aIncluye notas al pie de las páginas.
534 _aManuel pratique des dépots électrolytiques.
700 1 _aGóncer, Federico H. de,
_etr.
_947605
049 _aBNGR
999 _c22619
_d22619